000 03229cam a2200349 a 4500
003 EG-GiCUC
005 20250223031847.0
008 171126s2017 ua dh f m 000 0 eng d
040 _aEG-GiCUC
_beng
_cEG-GiCUC
041 0 _aeng
049 _aDeposite
097 _aPh.D
099 _aCai01.11.28.Ph.D.2017.Mo.S
100 0 _aMohamed Ahmed Abdelmawla Ahmed
245 1 0 _aSurveillance biopsy and effect of different immunosuppression regimen on graft pathology in pediatric renal transplantation /
_cMohamed Ahmed Abdelmawla Ahmed ; Supervised Fatina Ibrahim Fadel , Abeer Mohamed NourEldin , Wesam Ismail Moustafa
246 1 5 _aخزعه المراقبه و أثر الأدويه المختلفه المثبطه للمناعه على نسيج الكلي فى زرع الكلى فى الأطفال
260 _aCairo :
_bMohamed Ahmed Abdelmawla Ahmed ,
_c2017
300 _a132 P. :
_bcharts , facsimiles ;
_c25cm
502 _aThesis (Ph.D.) - Cairo University - Faculty of Medicine - Department of Pediatrics
520 _aBackground: Early graft monitoring has the potential to extend the renal graft survival in pediatric recipients. By the time that clinical diagnosis is confirmed histologically, renal scarring may be too advanced to make delayed treatment a realistic option. Surveillance biopsy has been useful in detection of subclinical immunological as well as non- immunological graft injury.The aim of the study is to study the pathological graft data one month post transplantation by surveillance biopsy and to evaluate the histopathological impact of different immunosuppression protocols on the graft four months post transplantation. Methods: This is a prospective interventional cohort study that included 20 living donor renal transplant recipients being followed up at kidney transplantation outpatient clinic, Cairo university children`s Hospital (Abo Elreesh).All cases received the classic triple maintenance immunosuppression protocol (CNI, steroids and MMF) for one month then cases were subdivided into two groups based on their maintenance immunosuppression therapy furthermore: group (A) (12 cases) continued on CNI based triple therapy protocol, group (B) (8 cases) shifted to m-TOR inhibitors low dose CNI protocol. Surveillance biopsies were done for all cases at one and four month post-transplantation. Results: One month surveillance biopsies were totally normal in 9 (45%) cases. Acute CNI toxicity was found in 5 (25%) cases. Subclinical rejection (SCR) was found in 4 (20%) cases (Acute SCR in 2 cases and borderline subclinical changes in 2 cases). Four month surveillance biopsy revealed 6 (30%) cases with SCR 5 cases with acute SCR of the evirolimus based immunosuppression and 1 case with borderline subclinical changes of the classic triple therapy
530 _aIssued also as CD
653 4 _aEvirolimus
653 4 _aSubclinical rejection
653 4 _aSurveillance biopsy
700 0 _aAbeer Mohamed NourEldi ,
_eSupervisor
700 0 _aFatina Ibrahim Fade ,
_eSupervisor
700 0 _aWesam Ismail Moustafa ,
_eSupervisor
856 _uhttp://172.23.153.220/th.pdf
905 _aNazla
_eRevisor
905 _aSamia
_eCataloger
942 _2ddc
_cTH
999 _c63686
_d63686